=LDR 00000nam 2200000 4500 =001 INLIS000000000008610 =005 20130612100448 =008 ***********************************Ind** =035 ##$$0010-061300000008610 =041 ##$$a Ind =082 ##$$a 297.0 =090 ##$$a 297.0, Nas p =100 ##$$a Nasuhion, Yunan =245 ##$$a Pegangan Hidup, M.Yunan Nasution =260 ##$$a 1976 $b Jakarta =300 ##$$a 176 hlm, 21 cm =650 ##$$a Agama Islam